Cyclisme : Les cyclistes en World Tour 2026 : difficile - Statistiques

Statistiques générales
  • Ce quiz a été pris 120 fois
  • Le résultat moyen est 7 sur 16
Statistiques - réponses
Par images Réponse % Correct
Quentin Pacher
94%
Axel Zingle
63%
Phil Bauhaus
53%
Nicolas Prodhomme
52%
Laurence Pithie
49%
Pavel Bittner
44%
Lewis Askey
43%
Silvan Dillier
42%
Victor Langellotti
42%
Lorenzo Fortunato
38%
Domen Novak
37%
Edward Theuns
34%
Jenno Berckmoes
34%
Pablo Castrillo
33%
Mauri Vansevenant
30%
Harry Sweeny
28%
Aucun quiz correspondant
Distribution des résultats
% des personnes avec chaque résultat
Percentile par nombre de réponses
Votre historique - résultats
Vous n’avez pas pris ce quiz